The root cause / (Record no. 170778)
[ view plain ]
| 000 -LEADER | |
|---|---|
| fixed length control field | 00535nam a2200181 4500 |
| 005 - DATE AND TIME OF LATEST TRANSACTION | |
| control field | 20191224165941.0 |
| 010 ## - LCCN (DPL NO) | |
| LC control number | ENG-127241 |
| 020 ## - INTERNATIONAL STANDARD BOOK NUMBER | |
| International Standard Book Number | 97893852661084 |
| Terms of availability | 600.00 |
| 035 ## - SYSTEM CONTROL NUMBER | |
| System control number | EN-110773 |
| 037 ## - SOURCE OF ACQUISITION | |
| Source of stock number/acquisition | DBAD/PUB |
| 082 ## - DEWEY DECIMAL CLASSIFICATION NUMBER | |
| Classification number | 615.538 |
| 100 ## - MAIN ENTRY--PERSONAL NAME | |
| Personal name | Jain, Alok |
| 245 ## - TITLE STATEMENT | |
| Title | The root cause / |
| Statement of responsibility, etc | by Alok Jain |
| 260 ## - PUBLICATION, DISTRIBUTION, ETC. (IMPRINT) | |
| Place of publication, distribution, etc | New Delhi |
| Name of publisher, distributor, etc | Prabhat Prakashan |
| Date of publication, distribution, etc | 2017 |
| 270 ## - ADDRESS | |
| Address | 4/19 Asaf Ali Road |
| City | New Delhi |
| Postal code | 110002 |
| Telephone number | 011-23289777 |
| Electronic mail address | prabhatbooks@gmail.com |
| 300 ## - PHYSICAL DESCRIPTION | |
| Extent | 342p. |
| Dimensions | 22cm(Hb) |
| 942 ## - ADDED ENTRY ELEMENTS (KOHA) | |
| Source of classification or shelving scheme | Dewey Decimal Classification |
| Item type | English Books |
| Classification part | 615.538 |
| Call number suffix | JAI |
| Withdrawn status | Lost status | Not for loan | Collection code | Home library | Current library | Date acquired | Source of acquisition | Cost, normal purchase price | Full call number | Barcode | Copy number | Cost, replacement price | Koha item type |
|---|---|---|---|---|---|---|---|---|---|---|---|---|---|
| Non-fiction | Sarojini Nagar | Sarojini Nagar | 24/12/2019 | DBAD/PUB | 600.00 | 615.538 JAI | EN-110773 | 1 | 600.00 | English Books |
